000 00881nam a22002771 4500
001 23298
003 BD-RjUL
005 20211209000920.0
008 140310s1964 enka 001 0 eng
035 _a(BD-RjUL)23363
035 _a(OCoLC)1336248
040 _aDLC
_cFO
_dBD-RjUL
_beng
041 1 _aeng
_hdan
082 _a915.3
_bHAA 1964
100 1 _aHansen, Thorkild
_d1927-1989.
_971797
245 1 0 _aArabia Felix :
_bthe Danish expedition of 1761-1767 /
_cThorkild Hansen, Translated by James and Kathleen McFarlane.
250 _a[1st ed.]
260 _aLondon :
_bCollins,
_cc1964.
300 _a381 p. :
_bill., charts, facsims., plans. ;
_c23 cm.
504 _aIncludes index.
600 1 0 _aNiebuhr, Carsten
_d1733-1815.
_971798
651 0 _aArabian Peninsula
_xDescription and travel.
_958777
942 _2ddc
_cBK
999 _c23298
_d23298